000 00518nam a22001817a 4500
005 20251108171735.0
008 250721s1996 xx 000 0 ara d
082 1 4 _a956.304/بزا
100 1 _aالبزاز، سعد
245 1 0 _aالجنرالات آخر من يعلم /
250 _aط3
264 1 _aلندن :
_bدار الحكمة للنشر و التوزيع،
_c1996.
300 _aج
650 1 7 _aتاريخ العراق
650 1 7 _aحرب الخليج 1991
942 _2ddc
_cBK
999 _c61304
_d61304